| 000 | 01210cam a22002174a 4500 | ||
|---|---|---|---|
| 005 | 20250605164236.0 | ||
| 008 | 250528s ||||||||||||||||||||||||d | ||
| 035 | _a21159 | ||
| 020 | _a9780582784550 | ||
| 040 |
_aGR-AtMCL _bgre _dGR-AtMCL _eAACR2 |
||
| 245 | 1 | _aHow to Write Essays and Dissertations / A Guide for English Literature Students | |
| 250 | _a2nd | ||
| 260 |
_bPearson, _c2005 |
||
| 300 | _a172 | ||
| 520 | _aA step-by-step instruction on each stage of writing, from organizing initial ideas through to submitting a completed piece of work. Preface, Introduction, Writing on a Prescribed Topic, Devising Your Own Topic, What Markers Want, Selecting Primary and Secondary Texts, Getting Help from Reference Works and Online Resources and Your Supervisor, The First Draft, Developing Your Argument, Weighting Different Elements in Your Argument, The Voice to Write in, Revising an Essay Draft, Editing the Beginning and Ending, Incorporating other People's Words into What You Write, Mistakes in Spelling and Grammar and Punctuation, Handing in, Bibliography, Index. | ||
| 700 | 1 |
_aDurant Alan _97185 |
|
| 700 | 1 |
_aFabb Nigel _97186 |
|
| 942 | _cBK | ||
| 999 |
_c6227 _d6227 |
||